UBT Library

Soil fertility and fertilizers (Record no. 40120)

000 -LEADER
fixed length control field 00574cam a2200217 4500
001 - CONTROL NUMBER
control field 315377
005 - DATE AND TIME OF LATEST TRANSACTION
control field 20180111072126.0
008 - FIXED-LENGTH DATA ELEMENTS--GENERAL INFORMATION
fixed length control field 740529s1974 nyua b 001 0 eng
010 ## - LIBRARY OF CONGRESS CONTROL NUMBER
LC control number 74000078
020 ## - INTERNATIONAL STANDARD BOOK NUMBER
International Standard Book Number 0024208604
040 ## - CATALOGING SOURCE
Original cataloging agency DLC
Transcribing agency DLC
Modifying agency DLC
041 ## - LANGUAGE CODE
Language code of text/sound track or separate title eng
080 ## - UNIVERSAL DECIMAL CLASSIFICATION NUMBER
Universal Decimal Classification number 631.42 SAM
082 00 - DEWEY DECIMAL CLASSIFICATION NUMBER
Classification number 631.42 SAM
100 1# - Rafti
Rafti 53
101 ## - Shkurtesa
Shkurtesa ECO
245 10 - TITLE STATEMENT
Title Soil fertility and fertilizers
Statement of responsibility, etc [by] Samuel L. Tisdale [and] Werner L. Nelson.
504 ## - BIBLIOGRAPHY, ETC. NOTE
Bibliography, etc Includes bibliographies.
906 ## - LOCAL DATA ELEMENT F, LDF (RLIN)
a 7
b cbc
c orignew
d 1
e ocip
f 19
g y-gencatlg
942 ## - ADDED ENTRY ELEMENTS (KOHA)
Source of classification or shelving scheme
Item type Books

No items available.

UBT Library © 2015-2024. All rights reserved University Education for Business and Technology